000 00817nam a2200253Ia 4500
003 OSt
005 20220926022417.0
006 a|||||r|||| 00| 0
007 ta
008 220923b |||||||| |||| 00| 0 eng d
037 _cGeneral Book
040 _aRTL
_cRTL
_beng
041 _2eng
_aeng
082 _aX:(G:55).4893.N9, P0
110 _aUnited Nations, Economic Commission for Europe
245 0 _aEnvironmental performance reviews
_b Armenia
260 _aNew York
_bUnited Nations U. S. A.
_c2000
300 _a202p.
_ccm.
490 _aEnvironmental Performance Reviews Series, 10.
650 _aEnvironmental Economics-Armenia
_9327769
700 _aUnited Nations, Economic Commission for Europe
942 _hX:(G:55).4893.N9, P0
_cGB
_2CC
999 _c639400
_d639400